Los juicios sintéticos a priori desde el punto de vista lógico /
Guardado en:
| Autor Principal: | |
|---|---|
| Formato: | Libro |
| Idioma: | Undetermined |
| Publicado: |
Madrid :
Ediciones de La Lectura,
1927.
|
| Materias: | |
| Etiquetas: |
Agregar Etiqueta
Sin Etiquetas, Sea el primero en etiquetar este registro!
|
| LEADER | 00529nam a22001575a 4500 | ||
|---|---|---|---|
| 001 | EHU.bham047722 | ||
| 005 | 20110802093535.0 | ||
| 008 | 110802s1927####sp############000#0#und#d | ||
| 100 | 1 | |a Basteiro, Julian. | |
| 245 | 1 | 0 | |a Los juicios sintéticos a priori desde el punto de vista lógico / |c Julian Basteiro. |
| 260 | |a Madrid : |b Ediciones de La Lectura, |c 1927. | ||
| 300 | |a 72 p. | ||
| 653 | |a Filosofía. | ||
| 653 | |a Metafísica. | ||
| 653 | |a Juicios analíticos. | ||
| 859 | |a AR-BHAM |b BIB. HUMANIDADES - Donacion Lejarraga |h MFN001941 |p 001941.19 | ||
